ბათუმის შოთა რუსთაველის სახელმწიფო უნივერსიტეტის ბიბლიოთეკა

Leaves from the valley the steps of the Sun (ბიბ.ჩანაწერი № 46989)

000 -LEADER
fixed length control field 00507nam a2200205Ia 4500
001 - CONTROL NUMBER
control field 13843
003 - CONTROL NUMBER IDENTIFIER
control field GE_BSU
008 - FIXED-LENGTH DATA ELEMENTS--GENERAL INFORMATION
fixed length control field 181216s||||||||xx |||||||||||||| ||und||
040 ## - CATALOGING SOURCE
Transcribing agency GE_BSU
080 ## - UNIVERSAL DECIMAL CLASSIFICATION NUMBER
Universal Decimal Classification number 821.111-3
100 ## - MAIN ENTRY--PERSONAL NAME
Personal name Trolope,Joanna
245 ## - TITLE STATEMENT
Title Leaves from the valley the steps of the Sun
245 ## - TITLE STATEMENT
Statement of responsibility, etc. Writting as Caroline Harvey
260 ## - PUBLICATION, DISTRIBUTION, ETC.
Place of publication, distribution, etc. London
260 ## - PUBLICATION, DISTRIBUTION, ETC.
Name of publisher, distributor, etc. Corgi books
260 ## - PUBLICATION, DISTRIBUTION, ETC.
Date of publication, distribution, etc. 2000
300 ## - PHYSICAL DESCRIPTION
Extent 628p.20cm.
653 ## - INDEX TERM--UNCONTROLLED
Uncontrolled term Leaves from the valley the steps of the Sun
942 ## - ADDED ENTRY ELEMENTS (KOHA)
Koha item type წიგნი
ეგზემპლარები
Withdrawn status Lost status Damaged status Not for loan Date acquired Barcode Date last seen Price effective from Koha item type
        2018-12-17 37169 2018-12-17 2018-12-17 წიგნი